2024 3/ Calendrier de l'Avent Noël en espagnol - Statistiques

Statistiques générales
  • Ce quiz a été pris 6 fois
  • Le résultat moyen est 5 sur 20
Statistiques - réponses
Hint Réponse % Correct
Noël Navidad
100%
Sapin de Noël Arbol de Navidad
75%
Etoile Estrella
75%
Crèche Belen
50%
Boule Bola
25%
Cheminée Chimenea
25%
Gui Muerdago
25%
Dinde Pavo
25%
Cadeaux Regalos
25%
Rois mages Reyes magos
25%
Traineau Trineo
25%
Bougie Vela
25%
Houx Acebo
0%
Calendrier de l'Avent Calendario de adviento
0%
Lutin Duende
0%
Guirlande Guirnalda
0%
Bonhomme de neige Muneco de nieve
0%
Huître Ostra
0%
Rennes Renos
0%
Chants de Noël Villancicos
0%
Aucun quiz correspondant
Distribution des résultats
% des personnes avec chaque résultat
Percentile par nombre de réponses
Votre historique - résultats
Vous n’avez pas pris ce quiz